02411nam a22002897i 4500001000800000003001000008007000500018008004100023040003500064041000800099043000700107084000700114100003400121245008000155264001100235300003300246336002700279337003300306338002800339504004200367520151500409650003501924650002401959650004201983650002002025773007602045B-12622CO-BoFNCPt|| 091001s2008 my r eng d  aCO-BoFNCPbspacCO-BoFNCPerda aeng amy aA-1 aAzid, Mohd Kabuleautor.4aut10aSuccessful development of a model for cattle integration in Sawit Kinabalu. 4c©2008 apáginas 813-819 :bTablas. atextobtxt2rdacontent asin mediaciónbn2rdamedia avolumenbnc2rdacarrier aIncluye referencias bibliográficas. aSawit Kinabalu Sdn Bhd (SKSB) has adopted systematic cattle-oil palm integration model to integrate cattle into its oil palm estates. The initial objective is to manage its maintenance cost especially weeding using grazing cattle as a biological weed control mechanism. The model is based on two essential strategies which aims to reduce and possibly avoid any adverse effect to existing estate operations. Palm oil production shall be sustained as it will always remain the core business of the group. Strategic insertion is the first strategy in which cattle shall be introduced successfully into the estates with minimal 'disturbance'. Strategic rotational grazing management is the second strategy in which the introduced grazing cattle are synchronised into daily estate operation through the use of mobile electrical fencing. The model had worked effectively in introducing 300 heads of cattle into three estates in 2005 and 2006. Such standard of agronomic practices as manuring, weeding and harvesting had been executed as planned. Participating estate's productivity has not been compromised. Cattle are breeding and multiplying to reach 7000 head by march 2008 in 12 estates covering an area of over 20000 ha. SKSB is commited to sustainable and 'greener' palm oil production through systematic cattle integration model as it optimises its available resources by producing two 'commodities' per unit area of its land, and helps to increase local beef production hence reducing imports of frozen beef. 0aControl biológico de malezas 0aControl biológico 0aIntegración sistemática de ganado 0aPalma de aceite0 aThe Planter (Malasia)gv. 84, no. 993 (2008), p. 813-819wA-x0126-575x